000 00659nam a2200205Ia 4500
003 GCL
008 140319s9999 xx 000 0 ara d
040 _aGCL /
_cGCL
082 0 4 _a823
_bهـ ر
100 1 _aهيمنجواى ,ارنست
245 1 0 _aرجال بلا نساء : عشر قصص قصيرة /
_cهيمنجواى ,ارنست
700 1 _aعطية القوصى (مترجم)
300 _a101ص ؛
_c24سم
490 _aمن الشرق والغرب
_v0
650 0 4 _aالقصص القصيرة
650 0 4 _aالادب الانجليزى
650 0 4 _aالادب - مجموعات
650 0 4 _aهمنجواى, ارنست
942 _2ddc
_cBK
999 _c39903
_d39903